Statistics for Top 48 Dragon Ball Characters

Click here to take the quiz!

General Stats

  • This quiz has been taken 91 times
  • The average score is 31 of 48

Answer Stats

# Character % Correct
2Goku
100%
3Vegeta
96%
10Gohan
95%
6Goten
91%
1Trunks
90%
4Majin Buu
90%
5Bulma
90%
15Frieza
89%
38Yamcha
89%
11Cell
89%
13Piccolo
89%
18Krillin
88%
32Tien
85%
12Master Roshi
85%
25Chi-Chi
84%
17Android 17
81%
9Android 18
79%
14Doctor Gero
74%
44Hercule
74%
42Nappa
73%
26Android 16
73%
33Raditz
73%
23Android 19
72%
36Videl
69%
7Broly
67%
31Ginyu Force
63%
28Bardock
62%
47Oolong
59%
20Kami
58%
16King Kai
56%
39Mr. Popo
54%
48Puar
53%
41Babidi
52%
30Dende
52%
35Chiaotzu
48%
22Cooler
48%
24Zarbon
47%
40Pan
47%
29Supreme Kai
43%
8Shenron
41%
34Yajirobe
40%
27Korin
33%
46Bibidi
32%
43Launch
31%
37Doctor Brief
30%
45Fortuneteller Baba
28%
19Porunga
27%
21Garlic Jr.
25%

Score Distribution

Percentile by Number Answered

Percent of People with Each Score

Your Score History

You have not taken this quiz